| 000 | 00742nas a2200229 i 4500 | ||
|---|---|---|---|
| 001 | 1104 | ||
| 003 | ES-MaACL | ||
| 005 | 20250729062609.0 | ||
| 007 | t| | ||
| 008 | 950801d19041936sp | | 1 ||pa d | ||
| 022 | _a2484-7860 | ||
| 245 | 0 | 0 |
_aEspaña en Africa _b: revista quincenal : órgano de los centros comerciales hispano-marroquíes. |
| 260 |
_aMadrid : _bImp. de España en Africa, _c1904-1936. |
||
| 300 |
_a6 v. : _bgrab. ; _c31 cm. |
||
| 310 | _aQuincenal | ||
| 362 | 0 | _aAño I (1904)-1936) | |
| 650 | 7 |
_aPolítica _2embne _9140345 |
|
| 700 | 1 |
_aCorbella Alvarez, Salvador, _edir. _940453 |
|
| 852 |
_aES-MaACL _jK-67 |
||
| 866 | 0 | _o1918-19,1922-24,1926-32(1933f.ago.-dic.)(1934f.ene.-mar.)1935-36 | |
| 999 |
_c1104 _d1104 |
||